00389nam a2200157Ia 4500008004100000020001800041082000800059100001900067245003600086250000600122260002500128300001700153500002400170650001500194700002200209230524s9999 xx 000 0 und d a9780071072601 bMAH aS.C.Mahapatra  0aPrinciples of Electromagnetics  a2 aNew DelhibTMHc2012 a"XIII,409p;" aQuantity Number: 1 aElectrical aSudipta Mahapatra